| 000 | 00478cam a22001337a 4500 | ||
|---|---|---|---|
| 008 | 180718b1982 xxu||||| |||| 00| 0 eng d | ||
| 082 | _aAPPPA 81-82 SAC | ||
| 100 | _aSachdeva, V.K. | ||
| 245 |
_aAppraisal exports industry in India: a study of problems, prospects and role of government policies _cby V.K. Sachdeva |
||
| 260 |
_aNew Delhi _bIndian Institute of Public Administration _c1982 |
||
| 300 | _a115p. | ||
| 650 | _aGovernment policies | ||
| 650 | _aExports industry-India | ||
| 999 |
_c501313 _d501313 |
||